[Event "4th London Classic Open"]
[Site "London ENG"]
[Date "2012.12.06"]
[Round "6"]
[White "Shah,Dipak K"]
[Black "Reuben,S"]
[Result "0-1"]
[WhiteElo "1914"]
[BlackElo "2045"]
[WhiteFideId "425842"]
[BlackFideId "405256"]
[EventDate "2012.12.01"]

1. e4 c5 2. Nf3 Nc6 3. Bc4 e6 4. Nc3 Nf6 5. d4 cxd4 6. Nxd4 Bb4 7. O-O Bxc3 8.
bxc3 Nxe4 9. Qg4 d5 10. Qxg7 Qf6 11. Qxf6 Nxf6 12. Bd3 Nxd4 13. cxd4 Bd7 14. Bf4
Ke7 15. Rab1 Bc6 16. a4 Ne4 17. a5 a6 18. f3 Nc3 19. Rb3 Nb5 20. c3 Rac8 21. Re1
Nd6 22. Rb4 Nb5 23. Bd2 Kd7 24. Re5 Nd6 25. Rh5 Bb5 26. Bb1 Nc4 27. Bf4 Nxa5 28.
Rxh7 Rxh7 29. Bxh7 Rxc3 30. Bd2 Ra3 31. Rb1 Nc6 32. h4 Nxd4 33. Bb4 Ra2 34. h5
Ne2+ 35. Kh2 Nf4 36. h6 Rxg2+ 37. Kh1 Rg5 38. Bd2 Rh5+ 39. Kg1 Rxh6 40. Bc2 e5
41. Bf5+ Kc6 42. Rc1+ Bc4 43. Rb1 Rf6 44. Bg4 Ne2+ 45. Kf2 Nd4 46. Ba5 b5 47.
Rh1 Nb3 48. Bd8 Rf4 49. Rh6+ Kc5 50. Rxa6 b4 51. Rh6 Bb5 52. Bb6+ Kc4 53. Be3
Nd4 54. Bxf4 exf4 55. Bh5 b3 56. Bxf7 b2 57. Bg6 Kc3 58. Bb1 Bd3 59. Ba2 b1=Q
60. Bxb1 Bxb1 61. Rf6 Nf5 62. Ke1 d4 63. Ra6 d3 64. Rc6+ Kd4 65. Rb6 Bc2 66. Kd2
Nh4 67. Rb4+ Ke5 68. Rb5+ Kd6 69. Rb6+ Kd5 70. Rb4 Nxf3+ 71. Kc3 Ke5 72. Rb8 Ke4
73. Re8+ Ne5 74. Kd2 f3 75. Ke1 Ba4 76. Ra8 Bc6 77. Ra6 Bb5 78. Rh6 d2+ 79. Kd1
f2 80. Rf6 Nf3 81. Re6+ Kf5 0-1

[Event "4th London Classic Open"]
[Site "London ENG"]
[Date "2012.12.06"]
[Round "6"]
[White "Iyengar,I"]
[Black "McDonnell,J"]
[Result "1/2-1/2"]
[WhiteElo "2019"]
[BlackElo "1912"]
[WhiteFideId "405949"]
[BlackFideId "2500787"]
[EventDate "2012.12.01"]

1. d4 d5 2. c4 c6 3. Nf3 Nf6 4. cxd5 cxd5 5. Bf4 Nc6 6. Nc3 a6 7. e3 Bf5 8. Qb3
Na5 9. Qd1 e6 10. Be2 Be7 11. O-O h6 12. Ne5 Rc8 13. Rc1 O-O 14. Na4 g5 15. Bg3
Ne4 16. Bg4 Rxc1 17. Qxc1 Nxg3 18. hxg3 Bxg4 19. Nxg4 Kg7 1/2-1/2

[Event "4th London Classic Open"]
[Site "London ENG"]
[Date "2012.12.06"]
[Round "6"]
[White "Dydak,Mateusz"]
[Black "Jakobsen,Alf Gjoran"]
[Result "1/2-1/2"]
[WhiteElo "1992"]
[BlackElo "1901"]
[WhiteFideId "2612305"]
[BlackFideId "1508008"]
[EventDate "2012.12.01"]

1. e4 e5 2. Nc3 Nf6 3. f4 d6 4. Nf3 Nc6 5. Bb5 Bd7 6. f5 Nd4 7. Bc4 c6 8. O-O b5
9. Bd3 Qb6 10. Kh1 Be7 11. Nxd4 exd4 12. Ne2 c5 13. Ng3 h5 14. b3 h4 15. Ne2 Bc6
16. Nf4 Qb7 17. Qe2 Nd7 18. Nd5 Bf6 19. Bxb5 Bxb5 20. Qxb5 Qxb5 21. Nc7+ Ke7 22.
Nxb5 d3 23. c3 h3 24. g3 Ne5 25. Nc7 Rac8 26. Nd5+ Kd7 27. Bb2 c4 28. Ba3 Bg5
29. Rad1 Rce8 30. Kg1 Ng4 31. Rfe1 Ne5 32. Rf1 Ng4 33. Rfe1 Ne5 34. Rf1 1/2-1/2

[Event "4th London Classic Open"]
[Site "London ENG"]
[Date "2012.12.06"]
[Round "6"]
[White "Millward,K"]
[Black "Rallabandi,Praveen Kumar"]
[Result "1-0"]
[WhiteElo "1969"]
[BlackElo "1793"]
[WhiteFideId "404721"]
[BlackFideId "426032"]
[EventDate "2012.12.01"]

1. g3 Nf6 2. Bg2 d5 3. d3 g6 4. f4 Bg7 5. Nf3 c6 6. e3 Qb6 7. Nc3 Ng4 8. Qe2 O-O
9. O-O Nd7 10. h3 Ngf6 11. Kh2 Re8 12. Nd1 e5 13. fxe5 Nxe5 14. Bd2 Nfd7 15. Bc3
Qc7 16. Qf2 Nxf3+ 17. Qxf3 Ne5 18. Qf4 Qe7 19. e4 d4 20. Bxd4 Ng4+ 21. hxg4 Bxd4
22. Kh1 Be5 23. Qf3 Be6 24. c3 c5 25. Nf2 Qg5 26. Rad1 Red8 27. Bh3 b5 28. Rfe1
Bxa2 29. Qe3 Qe7 30. g5 Qc7 31. Kg2 Bb3 32. Rd2 Ba4 33. d4 cxd4 34. cxd4 Qd6 35.
d5 b4 36. Ng4 Bd7 37. Nxe5 Bxh3+ 38. Kxh3 Qxe5 39. Qf4 Re8 40. Qxe5 Rxe5 41. Kg4
f6 42. gxf6 Kf7 43. Rc2 Rae8 44. Rc7+ Kf8 45. Re7 R5xe7 46. fxe7+ Kxe7 47. Rc1
Kd6 48. Kf4 Rf8+ 49. Ke3 g5 50. Rc6+ Kd7 51. Ra6 h5 52. e5 Rf1 53. Rxa7+ Ke8 54.
Rg7 g4 55. Rh7 Rf3+ 56. Ke4 Rxg3 57. Kf5 Rf3+ 58. Ke6 Kf8 59. Rxh5 Rb3 60. Rf5+
Ke8 61. Rg5 Kf8 62. Rxg4 Rxb2 63. d6 b3 64. Rf4+ Kg8 65. Rb4 Rh2 66. d7 Rd2 67.
Rxb3 1-0

[Event "4th London Classic Open"]
[Site "London ENG"]
[Date "2012.12.06"]
[Round "6"]
[White "Koch,Ala2"]
[Black "Gupta,Arul"]
[Result "1-0"]
[WhiteElo "1960"]
[BlackElo "1761"]
[WhiteFideId "639532"]
[BlackFideId "422622"]
[EventDate "2012.12.01"]

1. e4 e5 2. d4 exd4 3. Nf3 Nc6 4. Bc4 Bc5 5. O-O Nf6 6. e5 d5 7. Bb5 Ne4 8. Nxd4
Bd7 9. Bxc6 bxc6 10. Be3 O-O 11. c3 Qe7 12. f3 Ng5 13. Qd2 Ne6 14. f4 Bxd4 15.
cxd4 f5 16. Nc3 Rab8 17. b3 Bc8 18. Na4 Ba6 19. Rfc1 Qd7 20. Nc5 Nxc5 21. Rxc5
Rb5 22. Rac1 Rxc5 23. Rxc5 Rb8 24. Qc2 Rb6 25. Bd2 Bb7 26. Ba5 Rb5 27. a4 Rxc5
28. Qxc5 a6 29. Bb4 Qe8 30. e6 g6 31. e7 Kf7 32. Qc3 h5 33. Qe3 Qh8 34. Bc5 Ke8
35. Qe6 Qg7 36. h4 Qf7 37. Qe5 Kd7 38. a5 Qe8 39. Qg7 Bc8 40. Qf8 Bb7 41. Kf2
Bc8 42. Ke3 Bb7 43. g4 hxg4 44. h5 g3 45. hxg6 Qc8 46. g7 g2 47. Qxf5+ 1-0

[Event "4th London Classic Open"]
[Site "London ENG"]
[Date "2012.12.06"]
[Round "6"]
[White "Burnham,Frank D"]
[Black "Phillips,William"]
[Result "1/2-1/2"]
[WhiteElo "1792"]
[BlackElo "1950"]
[WhiteFideId "419516"]
[BlackFideId "414344"]
[EventDate "2012.12.01"]

1. e4 g6 2. d4 Bg7 3. f4 Nf6 4. Bd3 d6 5. Nf3 c6 6. O-O O-O 7. c3 b6 8. Qe2 a5
9. Na3 Na6 10. Nc2 Nc7 11. Ne3 Ba6 12. c4 Nh5 13. Nc2 d5 14. cxd5 Bxd3 15. Qxd3
cxd5 16. e5 Qd7 17. Ng5 f6 18. Nh3 fxe5 19. fxe5 Rxf1+ 20. Qxf1 Rf8 21. Qe2 Bh8
22. Bh6 Ng7 23. Rf1 Rxf1+ 24. Qxf1 Qf5 25. Qe2 Nge6 26. g4 Qe4 27. Qxe4 dxe4 28.
Nf2 Nb5 29. Be3 Nbc7 30. Nxe4 Nd5 31. Kf2 Bg7 32. Kf3 h6 33. h4 Kf7 34. Nc3 Nec7
35. Bd2 h5 36. gxh5 gxh5 37. Ne4 Kg6 38. Ng3 e6 39. Ne1 Bf8 40. a3 Be7 41. Ng2
Nb5 42. Ke4 Nbc7 43. Ne2 Kf7 44. Be1 Ne8 45. Nef4 Nxf4 46. Nxf4 Ng7 47. d5 exd5+
48. Kxd5 Bc5 49. Bxa5 Bxa3 50. bxa3 bxa5 51. Kc6 Ke7 52. Kd5 Nf5 53. Nxh5 Nxh4
54. Ke4 Ng6 55. Ng7 Nf8 56. Nf5+ Kd7 57. Kd5 Ne6 58. Nd4 Nc7+ 59. Kc4 Ke7 60.
Kb3 Nd5 61. Ka4 Ne3 62. Kb5 Ng4 63. e6 Kd6 64. Kxa5 Kd5 65. e7 Nf6 66. Nf5 Ke6
67. Nd4+ Kxe7 68. Ka6 Kd6 69. a4 Kc5 70. Nb3+ Kc4 71. Na5+ Kc5 72. Nb7+ Kc6 73.
a5 Kc7 74. Ka7 Kc8 75. a6 1/2-1/2

[Event "4th London Classic Open"]
[Site "London ENG"]
[Date "2012.12.06"]
[Round "6"]
[White "Fields,F"]
[Black "Kazmierczak,Ewa"]
[Result "1-0"]
[WhiteElo "1933"]
[BlackElo "1487"]
[WhiteFideId "409367"]
[BlackFideId "1154877"]
[EventDate "2012.12.01"]

1. e4 e6 2. d4 d5 3. Nc3 Nf6 4. Bg5 dxe4 5. Nxe4 Be7 6. Bxf6 Bxf6 7. Nf3 Bd7 8.
Bd3 Bc6 9. c3 Nd7 10. Qc2 h6 11. O-O O-O 12. Rad1 Be7 13. Ne5 Bxe4 14. Bxe4 c6
15. Qe2 Nf6 16. Bb1 Qc7 17. Rfe1 Rfd8 18. f4 Bd6 19. Kh1 c5 20. Rf1 Nh7 21. f5
Bxe5 22. dxe5 Rxd1 23. Rxd1 exf5 24. Bxf5 Ng5 25. Rd7 Qb6 26. h4 Ne6 27. Rd6 Qa5
28. Bxe6 fxe6 29. Qc4 Re8 30. Rxe6 Rxe6 31. Qxe6+ Kh7 32. Qf5+ Kg8 33. Qc8+ Kh7
34. Qxb7 Qxa2 35. Qe4+ Kg8 36. e6 Qxb2 37. e7 1-0

[Event "4th London Classic Open"]
[Site "London ENG"]
[Date "2012.12.06"]
[Round "6"]
[White "Miu,M"]
[Black "Bermingham,Tony"]
[Result "0-1"]
[WhiteElo "1631"]
[BlackElo "1959"]
[WhiteFideId "1220691"]
[BlackFideId "2504103"]
[EventDate "2012.12.01"]

1. c4 f5 2. d4 Nf6 3. Nc3 e6 4. Bg5 Be7 5. Bxf6 Bxf6 6. e4 fxe4 7. Nxe4 O-O 8.
Nf3 d6 9. Qb3 Nc6 10. O-O-O e5 11. d5 Nb8 12. h4 b6 13. Be2 Nd7 14. Nfg5 Nc5 15.
Nxc5 Bxg5+ 16. hxg5 Qxg5+ 17. Kb1 bxc5 18. Bd3 Bf5 19. Qc2 Bxd3 20. Qxd3 Qf5 21.
Qxf5 Rxf5 22. Rd2 a5 23. Rh3 Rg5 24. f3 Rf5 25. Rh4 Rf4 26. Rxf4 exf4 27. Re2
Kf7 28. Re4 g5 29. Kc2 a4 30. Kd3 a3 31. b3 Re8 32. g4 fxg3 33. Rg4 Kf6 34. Rxg3
h5 35. Rh3 Kg6 36. Rg3 Kf5 37. Rh3 h4 38. Rh1 Kf4 39. Rg1 Re3+ 40. Kd2 Rxf3 41.
Ke2 g4 0-1

[Event "4th London Classic Open"]
[Site "London ENG"]
[Date "2012.12.06"]
[Round "6"]
[White "Reutimann,H"]
[Black "Hortillosa,A"]
[Result "0-1"]
[WhiteElo "1783"]
[BlackElo "1963"]
[WhiteFideId "1313886"]
[BlackFideId "2038749"]
[EventDate "2012.12.01"]

1. d4 Nf6 2. Nf3 d5 3. Bf4 c5 4. e3 Qb6 5. Nc3 e6 6. a4 cxd4 7. exd4 Bb4 8. Bd2
a6 9. Bd3 Nc6 10. Be3 Ne4 11. Bxe4 dxe4 12. Nd2 Qd8 13. Ncxe4 O-O 14. c3 Ba5 15.
O-O f5 16. Bg5 Qd5 17. Nc5 Bc7 18. Nf3 b6 19. Nd3 f4 20. Qd2 Qf5 21. Nde5 Nxe5
22. dxe5 Bxe5 23. Be7 Re8 24. Nxe5 Qxe5 25. Bd6 Qh5 26. Bxf4 Bb7 27. Qe3 Rad8
28. Bc7 Rd5 29. Qxb6 Ba8 30. Bg3 Qg6 31. Qxa6 h5 32. Qc4 Rg5 33. h4 Rg4 34. Qe2
Rxh4 35. Rad1 Re4 36. Qd3 Bd5 37. f3 Qxg3 38. fxe4 Qxd3 39. Rxd3 Bxe4 40. Re3
Bd5 41. Rd1 Ra8 42. Ra1 Bb3 43. Re4 Ra5 44. Rb4 Bc2 45. Rb5 Ra7 46. Rxh5 g6 47.
Rb5 Kf7 48. a5 Bd3 49. Rb6 Kf6 50. a6 Kf5 51. Rb7 Rxa6 52. Rxa6 Bxa6 53. Rc7 Ke5
54. b4 Kd6 55. Rc5 e5 56. Kf2 g5 57. Kg3 Bf1 58. Kf3 g4+ 59. Kxg4 Bxg2 60. Kf5
Bd5 61. Rc8 Be6+ 62. Ke4 Bxc8 63. c4 Bb7+ 64. Ke3 Ba6 65. c5+ Kd5 0-1

[Event "4th London Classic Open"]
[Site "London ENG"]
[Date "2012.12.06"]
[Round "6"]
[White "Chilton,James I"]
[Black "Hoekstra,C"]
[Result "1-0"]
[WhiteElo "1779"]
[BlackElo "1937"]
[WhiteFideId "423009"]
[BlackFideId "1011952"]
[EventDate "2012.12.01"]

1. e4 g6 2. d4 Bg7 3. Nf3 c6 4. Nc3 d5 5. h3 e6 6. Be2 Ne7 7. O-O b6 8. Be3 O-O
9. Qd2 Ba6 10. Rfe1 Bxe2 11. Rxe2 Nd7 12. Bh6 Rc8 13. Rae1 a6 14. g4 b5 15. Bxg7
Kxg7 16. Re3 Qc7 17. e5 c5 18. h4 cxd4 19. Nxd4 Nb6 20. b3 Nc6 21. h5 Nxd4 22.
Qxd4 h6 23. hxg6 fxg6 24. Rh3 Qc5 25. Qd2 g5 26. Re2 Rf4 27. Rg3 Rcf8 28. Nd1
Rd4 29. Qe1 Rdf4 30. Kh2 Nc8 31. c3 Ne7 32. b4 Qc7 33. Nb2 Ng6 34. Nd3 Rc4 35.
Nc5 Qc8 36. f3 Nf4 37. Re3 a5 38. a3 Rf7 39. Nb3 axb4 40. axb4 Rfc7 41. Nc5 Ra7
42. Rg1 Ra2+ 43. Kg3 Qa8 44. Nd7 Qa7 45. Nf6 Qa3 46. Qb1 Ng6 47. Ne8+ Kf7 48.
Nd6+ Kg7 49. Nxc4 bxc4 50. Qc1 Qb3 51. Rd1 Nf4 52. Rd2 Qa4 53. Kh2 Qb3 54. Kh1
Qa4 55. Rxa2 Qxa2 56. Qf1 Qd2 57. Qg1 Nh3 58. Qe1 Nf2+ 59. Kg2 Nd3+ 60. Qxd2 1-0

[Event "4th London Classic Open"]
[Site "London ENG"]
[Date "2012.12.06"]
[Round "6"]
[White "Kroezen,R"]
[Black "Moan,Francis E"]
[Result "0-1"]
[WhiteElo "1726"]
[BlackElo "1853"]
[WhiteFideId "1016091"]
[BlackFideId "424420"]
[EventDate "2012.12.01"]

1. e4 e6 2. d4 d5 3. e5 c5 4. c3 Nc6 5. Bb5 Bd7 6. Bxc6 bxc6 7. Ne2 Qb6 8. O-O
cxd4 9. cxd4 Ne7 10. Nd2 Ng6 11. a3 a5 12. Nf3 Be7 13. Rb1 Bxa3 14. b4 Bxb4 15.
Ba3 O-O 16. Bxb4 axb4 17. Qb3 Qb5 18. Ng3 Rfb8 19. Rfc1 h6 20. Rc2 Nf4 21. Rd2
Ra3 22. Qd1 Rd3 23. Ne1 Rxd2 24. Qxd2 g5 25. h4 Bc8 26. hxg5 hxg5 27. Nf1 Ba6
28. Nh2 Qe2 29. Qc1 Bc4 30. Rb2 Qh5 31. f3 Ne2+ 32. Rxe2 Bxe2 33. Qxc6 Qh4 34.
Nc2 b3 35. Qc7 Rf8 0-1

[Event "4th London Classic Open"]
[Site "London ENG"]
[Date "2012.12.06"]
[Round "6"]
[White "Altman,Joshua"]
[Black "Rusek,W"]
[Result "0-1"]
[WhiteTitle "CM"]
[WhiteElo "1555"]
[BlackElo "1831"]
[WhiteFideId "426210"]
[BlackFideId "1612700"]
[EventDate "2012.12.01"]

1. e4 e6 2. d4 d5 3. e5 c5 4. c3 Nc6 5. Nf3 Qb6 6. Be2 cxd4 7. cxd4 Nh6 8. O-O
Nf5 9. Nc3 Nfxd4 10. Nxd4 Qxd4 11. Nb5 Qxd1 12. Rxd1 Rb8 13. Bf4 Bd7 14. Bg5 Be7
15. Bxe7 Kxe7 16. f4 a6 17. Nc3 Rhf8 18. Bf3 Rfd8 19. b3 Kf8 20. Rac1 Ne7 21. g4
g6 22. Rd2 Rdc8 23. Rdc2 Kg7 24. Kf1 Rc7 25. Ke1 Rbc8 26. Kd2 h6 27. h4 Rc6 28.
a3 f6 29. a4 fxe5 30. fxe5 g5 31. h5 Rb6 32. Rb2 Rb4 33. Rcc2 Nc6 34. Na2 Rf4
35. Ke3 d4+ 0-1

[Event "4th London Classic Open"]
[Site "London ENG"]
[Date "2012.12.06"]
[Round "6"]
[White "Clayton,T"]
[Black "Spychala,Josefa"]
[Result "1-0"]
[WhiteElo "1830"]
[BlackElo "1521"]
[WhiteFideId "416533"]
[BlackFideId "1136208"]
[EventDate "2012.12.01"]

1. e4 c5 2. Nc3 e6 3. f4 d6 4. Nf3 Nc6 5. Bb5 Bd7 6. O-O a6 7. Bxc6 Bxc6 8. d3
Qc7 9. Qe1 Be7 10. Qg3 g6 11. Bd2 O-O-O 12. Rab1 h5 13. Ng5 Nh6 14. b4 Bf6 15.
h3 Bd4+ 16. Kh1 Qd7 17. Ne2 Bg7 18. bxc5 dxc5 19. Ba5 Rde8 20. Qe3 Bd4 21. Nxd4
Qxd4 22. Qxd4 cxd4 23. Bb6 f6 24. Nf3 e5 25. fxe5 fxe5 26. Ng5 Ba4 27. Nf7 Nxf7
28. Rxf7 Bd7 29. Ba5 Rhf8 30. Rbf1 Rxf7 31. Rxf7 Be6 32. Rf2 Bxa2 33. c3 dxc3
34. Rxa2 1-0

[Event "4th London Classic Open"]
[Site "London ENG"]
[Date "2012.12.07"]
[Round "7.2"]
[White "Rowson,J"]
[Black "Bartholomew,J"]
[Result "1/2-1/2"]
[WhiteTitle "GM"]
[BlackTitle "IM"]
[WhiteElo "2586"]
[BlackElo "2427"]
[WhiteFideId "2400561"]
[BlackFideId "2019353"]
[EventDate "2012.12.01"]

1. d4 d5 2. c4 e6 3. Nc3 Be7 4. cxd5 exd5 5. Bf4 c6 6. e3 Bf5 7. g4 Be6 8. h4
Nd7 9. h5 Nh6 10. Be2 Nb6 11. Nh3 g5 12. hxg6 hxg6 13. Kd2 Nc4+ 14. Bxc4 dxc4
15. f3 g5 16. Bg3 Qb6 17. Kc2 O-O-O 18. Nf2 f6 19. Qe2 Nf7 20. Rad1 Bb4 21. Nfe4
Qa5 22. a3 Be7 23. Rxh8 Rxh8 24. Nd2 Rh3 25. Qg2 Rh8 26. Qe2 Rh3 27. Qg2 Rh8 28.
Rh1 Qd8 29. Rxh8 Qxh8 30. e4 b5 31. Nf1 Qd8 32. Qd2 Bd6 33. d5 cxd5 34. Nxb5
Bxg3 35. Nxg3 Qb6 36. Nd4 dxe4 37. Nxe4 Bd7 38. Qc3 Ne5 39. b4 Ba4+ 40. Kb2 a5
41. Nc5 Bd7 42. Kc2 axb4 43. Qxb4 Qxb4 44. axb4 Kc7 45. Ne4 Bc6 46. Nxf6 Nxf3
47. Kc3 Ne5 48. Ne6+ Kc8 49. Kd4 Nxg4 50. Nxg4 Bd7 51. Nxg5 Bxg4 52. Kxc4 1/2-1/2

[Event "4th London Classic Open"]
[Site "London ENG"]
[Date "2012.12.07"]
[Round "7.4"]
[White "Gundavaa,B"]
[Black "Roberson,P"]
[Result "1/2-1/2"]
[WhiteTitle "IM"]
[BlackTitle "FM"]
[WhiteElo "2530"]
[BlackElo "2350"]
[WhiteFideId "4901045"]
[BlackFideId "412384"]
[EventDate "2012.12.01"]

1. d4 Nf6 2. c4 e6 3. g3 c5 4. d5 exd5 5. cxd5 d6 6. Nc3 g6 7. Bg2 Bg7 8. Nf3
O-O 9. O-O Nbd7 10. Bf4 Qe7 11. h3 Nh5 12. Bg5 f6 13. Bd2 f5 14. e4 f4 15. g4
Nhf6 16. Bxf4 Nxg4 17. Bg5 Bf6 18. Bxf6 Ngxf6 19. Ng5 Nb6 20. f4 Nh5 21. Qd2 h6
22. Ne6 Bxe6 23. dxe6 Qxe6 24. f5 gxf5 25. exf5 Rxf5 26. Rxf5 Qxf5 27. Qxh6 Rf8
28. Rf1 Nf4 29. Rf3 Qg6 30. Qxg6+ Nxg6 31. Rxf8+ Kxf8 32. Bxb7 Ke7 33. Kf2 Ke6
34. Ba6 Ke5 35. Nb5 Nd5 36. a3 Ndf4 37. Kg3 Nd3 38. Nxd6 Nxb2 39. Nc8 c4 40.
Nxa7 Ne7 41. Kf3 c3 42. Ke2 Nd5 43. Nc6+ Kd6 44. Nd4 Nf4+ 45. Ke3 Nxh3 46. Nb5+
Kc5 47. Nxc3 Nc4+ 48. Bxc4 Kxc4 49. a4 Ng5 1/2-1/2

[Event "4th London Classic Open"]
[Site "London ENG"]
[Date "2012.12.07"]
[Round "7.5"]
[White "Zhou,Y"]
[Black "Williams,Si1"]
[Result "0-1"]
[WhiteTitle "IM"]
[BlackTitle "GM"]
[WhiteElo "2419"]
[BlackElo "2515"]
[WhiteFideId "468584"]
[BlackFideId "404454"]
[EventDate "2012.12.01"]

1. e4 c5 2. Nf3 Nc6 3. d4 cxd4 4. Nxd4 Nf6 5. Nc3 d6 6. Bg5 e6 7. Qd2 a6 8.
O-O-O Bd7 9. f4 b5 10. Bxf6 gxf6 11. Kb1 Qb6 12. Nxc6 Bxc6 13. f5 b4 14. Ne2 e5
15. Ng3 Qc5 16. Nh5 Ke7 17. Bd3 Rg8 18. h4 a5 19. Rh3 a4 20. Rg3 Rxg3 21. Nxg3
a3 22. b3 Qd4 23. c3 bxc3 24. Qc2 Bh6 25. Ne2 Qb4 26. Nxc3 Rb8 27. g4 Be3 28.
Re1 Bd4 29. Rc1 Bxc3 30. Qxc3 Bxe4 31. Qc2 Bxd3 32. Qxd3 Rb7 33. Qd5 Rd7 34. Rc8
Qxg4 35. Kc1 Qf4+ 36. Kd1 Qxf5 37. Qa8 Qb1+ 38. Ke2 Qxa2+ 39. Kf1 Qb1+ 40. Kg2
f5 41. Qxa3 Qe4+ 42. Kg1 Qe3+ 43. Kf1 Ra7 0-1

[Event "4th London Classic Open"]
[Site "London ENG"]
[Date "2012.12.07"]
[Round "7.6"]
[White "Hebden,M"]
[Black "Szabo,Ben"]
[Result "1-0"]
[WhiteTitle "GM"]
[WhiteElo "2547"]
[BlackElo "2365"]
[WhiteFideId "400084"]
[BlackFideId "733776"]
[EventDate "2012.12.01"]

1. d4 Nf6 2. Nf3 e6 3. e3 b6 4. Bd3 Bb7 5. O-O d5 6. b3 Bd6 7. Bb2 O-O 8. c4
Nbd7 9. Nc3 a6 10. Rc1 Qe7 11. Na4 dxc4 12. bxc4 c5 13. Ne5 Rab8 14. Qe2 Rfc8
15. Rfd1 Be4 16. Nxd7 Qxd7 17. dxc5 Bxd3 18. Rxd3 bxc5 19. Bxf6 gxf6 20. Nc3 Rd8
21. Rcd1 Qc7 22. g3 Be5 23. Ne4 Rxd3 24. Rxd3 f5 25. Ng5 h6 26. Nf3 Rb2 27. Rd2
Rxd2 28. Qxd2 Bf6 29. Kf1 Qb7 30. Ke2 Kg7 31. Qc2 Qb4 32. Ne1 Bc3 33. Nd3 Qxc4
34. Qb3 Qxb3 35. axb3 c4 36. bxc4 Kf8 37. Kd1 Ke7 38. Kc2 Bf6 39. Nb4 a5 40.
Nc6+ Kd6 41. Nxa5 Kc5 42. Kd3 e5 43. e4 f4 44. Kc3 fxg3 45. fxg3 Be7 46. Nb3+
Kc6 47. Kd3 Bd8 48. Ke3 Kd6 49. Kf3 Ke6 50. Nc5+ Kf6 51. Kg4 Kg6 52. Nd7 h5+ 53.
Kf3 Bc7 54. c5 f6 55. Nb6 Kf7 56. Nd5 1-0

[Event "4th London Classic Open"]
[Site "London ENG"]
[Date "2012.12.07"]
[Round "7.7"]
[White "Houska,Jo"]
[Black "Holzke,F"]
[Result "1-0"]
[WhiteTitle "IM"]
[BlackTitle "GM"]
[WhiteElo "2396"]
[BlackElo "2521"]
[WhiteFideId "405094"]
[BlackFideId "4600428"]
[EventDate "2012.12.01"]

1. d4 Nf6 2. Nf3 c5 3. d5 b5 4. Bg5 Qb6 5. Bxf6 Qxf6 6. c3 d6 7. e4 a6 8. a4 b4
9. a5 g6 10. Bd3 Nd7 11. O-O Bg7 12. Nfd2 Ne5 13. Bc2 O-O 14. f4 Ng4 15. Nc4
bxc3 16. bxc3 e6 17. Qf3 exd5 18. Nb6 d4 19. Nxa8 Ne3 20. Nb6 Nxc2 21. Nd5 Qd8
22. Ra2 Ne3 23. Nxe3 dxe3 24. Qxe3 Be6 25. Rd2 Bc4 26. Rfd1 Qxa5 27. Rxd6 Bb3
28. Re1 Rb8 29. e5 Bf8 30. Nd2 Be6 31. Ne4 Bxd6 32. exd6 Qd8 33. Qxc5 Bf5 34.
Ng5 Qb6 35. Qxb6 Rxb6 36. Rd1 Rb8 37. c4 f6 38. Nf3 Rc8 39. c5 Bd7 40. Rc1 Kf7
41. Nd4 Bc6 42. Re1 1-0

[Event "4th London Classic Open"]
[Site "London ENG"]
[Date "2012.12.07"]
[Round "7.9"]
[White "Rendle,T"]
[Black "Schneider,Dm"]
[Result "0-1"]
[WhiteTitle "IM"]
[BlackTitle "IM"]
[WhiteElo "2381"]
[BlackElo "2477"]
[WhiteFideId "408760"]
[BlackFideId "2012545"]
[EventDate "2012.12.01"]

1. e4 e5 2. Nf3 Nc6 3. Bb5 a6 4. Ba4 Nf6 5. O-O Be7 6. d4 exd4 7. Re1 b5 8. Bb3
d6 9. Bd5 Nxd5 10. exd5 Ne5 11. Nxd4 Bg4 12. f3 Bd7 13. f4 Nc4 14. Qe2 Kf8 15.
a4 Bf6 16. c3 Nb6 17. Nc6 Bxc6 18. dxc6 Nxa4 19. Be3 Qe8 20. Qf3 Nxb2 21. Bf2
Qc8 22. Nd2 h5 23. f5 Nc4 24. Nxc4 bxc4 25. Rab1 Be5 26. Rb7 Rh6 27. Rf1 a5 28.
Be3 Rf6 29. Qxh5 Kg8 30. g4 d5 31. Rfb1 Bxc3 32. Bf4 Rxc6 33. g5 Qe8 34. Bxc7
Qe3+ 35. Kf1 Qd3+ 36. Kg2 Qc2+ 37. Kg3 Rxc7 38. g6 Be5+ 0-1

[Event "4th London Classic Open"]
[Site "London ENG"]
[Date "2012.12.07"]
[Round "7.10"]
[White "Sadzikowski,D"]
[Black "Ansell,S"]
[Result "1-0"]
[WhiteTitle "IM"]
[BlackTitle "IM"]
[WhiteElo "2449"]
[BlackElo "2377"]
[WhiteFideId "1132253"]
[BlackFideId "402141"]
[EventDate "2012.12.01"]

1. d4 f5 2. g3 Nf6 3. Bg2 e6 4. Nf3 d5 5. O-O Bd6 6. c4 c6 7. b3 Qe7 8. Bb2 O-O
9. Qc1 b6 10. Ba3 Bb7 11. Bxd6 Qxd6 12. Rd1 Nbd7 13. Nbd2 Qe7 14. Ne5 Nxe5 15.
dxe5 Ne4 16. Nxe4 fxe4 17. f3 exf3 18. exf3 c5 19. cxd5 Bxd5 20. f4 Rad8 21.
Bxd5 exd5 22. Qe3 Qe6 23. Rf1 g6 24. Rae1 Rd7 25. Rf2 Qf5 26. Qf3 g5 27. Qd1
gxf4 28. Rxf4 Qe6 29. Rf6 Rxf6 30. exf6 Qf5 31. Rf1 Qe4 32. Rf4 Qe6 33. Qh5 Rf7
34. Qf3 Kf8 35. g4 h6 36. Kf2 Qe5 37. h4 Qb2+ 38. Kg3 Qe5 39. Kg2 Rd7 40. Kh3
Qe6 41. Kg2 Qe1 42. Qd3 Qe5 43. Rf5 Qe6 44. g5 c4 45. Qf3 c3 46. g6 c2 47. Qc3
Qe4+ 48. Kg3 Rd8 49. g7+ Kf7 50. Rf2 h5 51. Qc7+ Kg6 52. f7 Qg4+ 53. Kh2 Qxh4+
54. Kg1 c1=Q+ 55. Qxc1 Kxg7 56. Rg2+ Kh7 57. f8=N+ 1-0

[Event "4th London Classic Open"]
[Site "London ENG"]
[Date "2012.12.07"]
[Round "7.11"]
[White "Zimmermann,Ju"]
[Black "Boruchovsky,A"]
[Result "1/2-1/2"]
[WhiteTitle "FM"]
[BlackTitle "IM"]
[WhiteElo "2299"]
[BlackElo "2448"]
[WhiteFideId "4667654"]
[BlackFideId "2800055"]
[EventDate "2012.12.01"]

1. e4 e5 2. Nf3 Nc6 3. Bc4 Bc5 4. c3 Nf6 5. d3 d6 6. h3 Bb6 7. O-O Ne7 8. Re1
Ng6 9. d4 O-O 10. Bb3 h6 11. Nbd2 Re8 12. Bc2 c6 13. Nf1 Nh5 14. dxe5 dxe5 15.
Qxd8 Rxd8 16. Be3 Be6 17. Bb3 Bxe3 18. Nxe3 Nhf4 19. Bxe6 Nxe6 20. g3 Nc5 21.
Nc4 f6 22. Nh2 Rd3 23. Nf1 Rad8 24. Kg2 Ne7 25. f3 Na4 26. Rab1 Kf7 27. Nce3 Nc8
28. Red1 b5 29. Rxd3 Rxd3 30. Kf2 Ncb6 31. Nd1 Rd7 32. b3 Nc5 33. Ke2 a5 34.
Nde3 a4 35. b4 Na6 36. a3 Nc7 37. Rd1 Rxd1 38. Kxd1 Ne8 39. Kc2 Nd6 40. Nd2 g6
41. Kd3 f5 42. exf5 Nxf5 43. Nef1 Nd6 44. Ne3 Nf5 45. Nef1 Nd6 46. Ne3 Nf5 47.
Nef1 Ke6 48. c4 Nd4 49. Ne3 Nf5 50. Nef1 Kf7 1/2-1/2